Effectiffs Hongrie Euro 2024 - Statistiques

Statistiques générales
  • Ce quiz a été pris 15 fois
  • Le résultat moyen est 8 sur 26
Statistiques - réponses
Poste Numéro Club Joueur % Correct
Défenseur 6 RB Leipzig Willi Orban
100%
Gardien 1 RB Leipzig Péter Gulacsi
85%
Attaquant 20 FC Fribourg Rolland Sallai
85%
Défenseur 7 AC Le Havre Loic Négo
77%
Défenseur 4 FC Fribourg Attila Szalai
69%
Attaquant 19 TC Ferencvarosi Barnabas Varga
54%
Défenseur 11 AFC Bournemouth Milos Kerkez
54%
Attaquant 9 FC Ulsan Martin Adam
46%
Milieu 10 FC Liverpool Dominik Szobszlai
38%
Défenseur 24 Hertha Berlin Marton Dardai
31%
Milieu 13 Union Berlin Andras Schafer
23%
Défenseur 5 FC Fehervar Attila Fiola
23%
Milieu 17 FC Barnsley Callum Styles
23%
Gardien 12 TC Ferencvarosi Dénes Dibusz
23%
Milieu 15 Hajduk Split Laszlo Kleinheisler
23%
Défenseur 2 Omonia Nicosie Adam Lang
8%
Défenseur 14 FC Servette Bendeguz Bolla
8%
Défenseur 3 Parma Calcio Botond Balogh
8%
Gardien 22 FC Paksi Péter Szappanos
8%
Milieu 8 Spezia Calcio Adam Nagy
0%
Milieu 16 Philadelphia Union Daniel Gazdag
0%
Défenseur 21 TC Ferencvarosi Endre Botka
0%
Attaquant 23 FC Ujpest Kevin Csoboth
0%
Milieu 25 TE Kecskeméti Krisztofer Horvath
0%
Milieu 26 MTK Budapest Mihaly Kata
0%
Défenseur 18 FC Puskas Akademia Zsolt Nagy
0%
Aucun quiz correspondant
Distribution des résultats
% des personnes avec chaque résultat
Percentile par nombre de réponses
Votre historique - résultats
Vous n’avez pas pris ce quiz